| 000 | 00402nam a2200145Ia 4500 | ||
|---|---|---|---|
| 008 | 240729s9999 xx 000 0 und d | ||
| 022 | _a2549-7596 | ||
| 245 | 0 | _aMedical and Health Science Journal | |
| 260 | _aIndonesia | ||
| 260 | _bUniversitas Nahdlatul Ulama Surabaya | ||
| 650 | _aMedicine | ||
| 856 | _uhttps://doaj.org/toc/b188d4e8209e4bb19df3da213f0924ba | ||
| 942 | _2ddc | ||
| 942 | _cDOAJEJ | ||
| 999 |
_c72351 _d72351 |
||
| 945 |
_a1 _bMadushi Gamage _c1 _dMadushi Gamage |
||